Bí quyết đơn giản hóa cuộc sống = How to simplify your life

Bí quyết đơn giản hóa cuộc sống đề cập đến cách tiếp cận cuộc sống với sự hiểu biết, nhằm giải phóng tiềm năng trong con người bạn, đồng thời đưa bạn đến với hạnh phúc và sự viên mãn....

Popoln opis

Shranjeno v:
Bibliografske podrobnosti
Glavni avtor: Küstenmacher, Werner Tiki
Format: Knjiga
Jezik:Undetermined
Izdano: Thành phố Hồ Chí Minh Trẻ 2013
Teme:
Oznake: Označite
Brez oznak, prvi označite!
Thư viện lưu trữ: Trung tâm Học liệu Trường Đại học Cần Thơ
LEADER 01014nam a2200217Ia 4500
001 CTU_193684
008 210402s9999 xx 000 0 und d
020 |c 75000 
082 |a 158.1 
082 |b K97 
100 |a Küstenmacher, Werner Tiki 
245 0 |a Bí quyết đơn giản hóa cuộc sống = 
245 0 |b How to simplify your life 
245 0 |c Werner Tiki Küstenmacher, Lothar J. Seiwert ; Thanh Thảo, An Bình (dịch) 
260 |a Thành phố Hồ Chí Minh 
260 |b Trẻ 
260 |c 2013 
520 |a Bí quyết đơn giản hóa cuộc sống đề cập đến cách tiếp cận cuộc sống với sự hiểu biết, nhằm giải phóng tiềm năng trong con người bạn, đồng thời đưa bạn đến với hạnh phúc và sự viên mãn. 
650 |a Psychology, applied,Tâm lý học ứng dụng 
910 |a Hải 
980 |a Trung tâm Học liệu Trường Đại học Cần Thơ